000
00331pab a2200145 454500
008
180718b2004 xxu||||| |||| 00| 0 eng d
100
_a
Saravade, Pradnya
245
_a
Issues of policing the cyberspace
260
_c
2004
300
_a
p.20-21.
362
_a
Nov
650
_a
Police
773
_a
CBI Bulletin
909
_a
64249
999
_c
64249
_d
64249